How Bad Do U Want Me - Lady Gaga - Lyrics - Statistics

General Stats
  • This quiz has been taken 4 times
  • The average score is 326 of 335
Answer Stats
Answer % Correct
a
100%
A
100%
all
100%
And
100%
bad,
100%
bad
100%
bleed
100%
'Bout
100%
boys
100%
brain
100%
But
100%
but
100%
'Cause
100%
'cause
100%
cause
100%
cheats
100%
close,
100%
crash
100%
crash,
100%
You're
100%
do
100%
dreams
100%
Even
100%
every
100%
exactly
100%
for
100%
get
100%
girl
100%
good
100%
got
100%
guy
100%
hair,
100%
hair
100%
hate
100%
hear
100%
heart
100%
here
100%
How
100%
I
100%
if
100%
I'll
100%
I'm
100%
in
100%
Is
100%
jeans
100%
kiss
100%
know
100%
last
100%
life
100%
like
100%
like,
100%
love
100%
lovin'
100%
mad
100%
make
100%
me
100%
me?
100%
might
100%
mind,
100%
my
100%
name
100%
not
100%
oh
100%
on
100%
psychotic
100%
real
100%
rush
100%
scene
100%
scream
100%
she
100%
She's
100%
she's
100%
tattoo
100%
that
100%
[Verse 1] The
100%
the
100%
time
100%
to
100%
to?
100%
too
100%
up
100%
us
100%
want
100%
was
100%
weak
100%
week
100%
what
100%
when
100%
wish
100%
you
100%
You
100%
your
100%
you're
100%
You're
100%
afraid
75%
alone
75%
can't
75%
closed,
75%
creep
75%
crew
75%
eyes
75%
feel
75%
fucked
75%
hot,
75%
hot
75%
it's
75%
leave
75%
panic
75%
peek
75%
ripped-up
75%
sleep
75%
So
75%
so
75%
speak
75%
such
75%
theme
75%
true
75%
with
75%
[Post-Chorus] Uh-oh
50%
we'd
50%
No matching quizzes found
Score Distribution
Percent of People with Each Score
Percentile by Number Answered
Your Score History
You have not taken this quiz